Modern Slangs #1 - Statistics

General Stats
  • This quiz has been taken 51 times
  • The average score is 4 of 15
Answer Stats
Hints Slangs % Correct
A term that is short for "relationship," and is when you want two people to get into a relationship. Ship
60%
Short for suspicious or suspect, meaning someone or something being shady. SUS
51%
A term of endearment or "before anyone else" Bae
44%
A term used for when something is amazing. Lit
42%
Secretly or discretely. Low Key
33%
When something is so funny that it figuratively kills you. Dead
27%
Code word for someone for going to someone's house to hook up with them Netflix & Chill
24%
To be completely over the top or dramatic. Extra
20%
Stop trying to make ***** happen! It is not going to happen! Fetch
18%
What you aspire to be in certain aspects. Goals
18%
Correct, on point On fleek
18%
When you're working really hard to obtain a certain goal. Grind
13%
Publicly criticize or express contempt for someone. Throw Shade
13%
Interchangeable with the term "bad a**". Savage
11%
Vague version of "really" or "very" AF
7%
No matching quizzes found
Score Distribution
Percent of People with Each Score
Percentile by Number Answered
Your Score History
You have not taken this quiz